| 000 | 00501nam a2200229Ia 4500 | ||
|---|---|---|---|
| 003 | 0100 | ||
| 008 | 130227s9999 xx 000 0 und d | ||
| 020 | _a014021352X | ||
| 040 | _cARRUPELIB | ||
| 050 | _aBF575.L8H36 1971 | ||
| 100 | _aHaughton, Rosemary | ||
| 245 | _aLove | ||
| 260 | _aBaltimore | ||
| 260 | _bPenguin Books | ||
| 260 | _C1971 | ||
| 300 | _aix | ||
| 300 | _b 202p 18cm | ||
| 650 | _bReligion | ||
| 650 | _cReligion, Primitive | ||
| 650 | _dRevelation | ||
| 942 |
_2lcc _03 |
||
| 999 |
_c1420 _d1420 |
||